[Event "Let's Play Chess!"]
[Site "http://www.queenalice.com/game.php?id=401011"]
[Date "2008.5.10"]
[Round "-"]
[White "MartinLouisSelby"]
[Black "GreyRaven"]
[Result "0-1"]
[WhiteElo "1609"]
[BlackElo "1723"]

1. e4 d6 2. Bc4 Nf6 3. Nc3 g6 4. Nd5 Bg7 5. d3 c6 6. Nxf6+ Bxf6 7. Qf3 O-O 8.
Bh6 Bg7 9. Bxg7 Kxg7 10. O-O-O Qa5 11. Nh3 Be6 12. Bxe6 fxe6 13. Qg4 Qxa2 14. b3
Qa1+ 15. Kd2 Qf6 16. Nf4 Kf7 17. Rhe1 Nd7 18. Kc1 Ne5 19. Qh3 Qxf4+ 20. Rd2 Kg7
21. d4 Ng4 22. f3 Nh6 23. Qxe6 Rf7 24. Qd7 e6 25. Qxe6 a5 26. c4 a4 27. bxa4
Rxa4 28. e5 Ra2 29. Re2 dxe5 30. c5 Rxd2 31. Rxd2 exd4 32. Qb3 Nf5 33. Qe6 Ne3
34. Qh3 Nc4 0-1

[Event "Let's Play Chess!"]
[Site "http://www.queenalice.com/game.php?id=401204"]
[Date "2008.5.11"]
[Round "-"]
[White "MartinLouisSelby"]
[Black "Bruno_de_Paula"]
[Result "0-1"]
[WhiteElo "1512"]
[BlackElo "1806"]

1. e4 c6 2. Bc4 d5 3. exd5 cxd5 4. Bb5+ Nc6 5. d4 a6 6. Bxc6+ bxc6 7. Nf3 Bg4 8.
Bf4 Nf6 9. Qd3 e6 10. Ne5 Bf5 11. Qc3 Rc8 12. Nxc6 Qb6 13. O-O Qxc6 14. Qg3 g6
0-1

[Event "Challenge"]
[Site "http://www.queenalice.com/game.php?id=406417"]
[Date "2008.5.21"]
[Round "-"]
[White "MartinLouisSelby"]
[Black "SalsaQueen"]
[Result "0-1"]
[WhiteElo "1603"]
[BlackElo "1667"]

1. e4 e5 2. Bc4 Nf6 3. Nc3 Bb4 4. Qf3 d6 5. h3 Bxc3 6. Qxc3 Nxe4 7. Qf3 Nf6 8.
d3 Be6 9. Qxb7 Nbd7 10. Be3 c5 11. Bb5 O-O 12. O-O-O Rb8 13. Qa6 Rb6 14. Qa4 Qb8
15. c4 a6 16. Bxa6 Rxb2 17. Ne2 Rxe2 18. Bb5 Qb7 19. Rhg1 Ra8 20. Qb3 Raxa2 21.
Rd2 Rexd2 22. Bxd2 Ra1+ 23. Kc2 Rxg1 24. g4 Qf3 25. Kc3 Ne4+ 26. Kc2 Qd1+ 27.
Kb2 Qxd2+ 28. Qc2 Qb4+ 29. Qb3 Rb1+ 0-1

[Event "Challenge"]
[Site "http://www.queenalice.com/game.php?id=406498"]
[Date "2008.5.22"]
[Round "-"]
[White "Mike36bh"]
[Black "MartinLouisSelby"]
[Result "1-0"]
[WhiteElo "1711"]
[BlackElo "1615"]

1. d4 d5 2. Nc3 Nf6 3. Bf4 Bf5 4. e3 Nc6 5. a3 e6 6. h3 Ne4 7. Nxe4 Bxe4 8. f3
Qh4+ 9. Kd2 Bg6 10. c4 O-O-O 11. c5 Qf2+ 12. Ne2 Qh4 13. g3 Qf6 14. h4 h5 15.
Bg5 Qxf3 16. Rh3 Rd7 17. Bf4 Qe4 18. Nc3 Qf5 19. Rh2 Be7 20. Bh3 Qd3+ 21. Kc1
Qc4 22. Bf1 Qxc3+ 23. bxc3 f5 24. Bb5 Bf6 25. Bxc6 bxc6 26. Qa4 Kb7 27. Rb1+ Ka8
28. Qxc6# 1-0

[Event "Challenge"]
[Site "http://www.queenalice.com/game.php?id=409133"]
[Date "2008.5.27"]
[Round "-"]
[White "ORNELAS"]
[Black "MartinLouisSelby"]
[Result "0-1"]
[WhiteElo "1653"]
[BlackElo "1590"]

1. b3 e5 2. d3 d5 3. Bb2 Nc6 4. Nd2 d4 5. c3 Bc5 6. g3 Qf6 7. c4 Bf5 8. Bg2
O-O-O 9. e4 Nh6 10. Ngf3 Nb4 11. O-O Nxd3 12. Rb1 Bg4 13. h3 Nxb2 14. Rxb2 Be6
15. b4 Be7 16. Nh2 d3 17. Qa4 Kb8 18. b5 Rd6 19. c5 Rd4 20. Qa5 Bxc5 21. a4 Bb6
22. Qc3 Rhd8 23. Nhf3 R4d6 24. Rc1 c6 25. bxc6 Rxc6 26. Qb4 Rxc1+ 27. Kh2 Rc7
28. a5 Bc5 29. Qb5 Bd7 30. Qb3 Qa6 31. Nxe5 Bd4 32. Nxd3 Bxb2 33. Nxb2 Qxa5 34.
Ndc4 Qa6 35. e5 Be6 36. Qb4 Nf5 37. Be4 Rd4 38. Qf8+ Rc8 39. Qb4 Rxe4 40. Na5
Rxb4 41. Nxb7 Qf1 42. Na5 Rxb2 43. h4 Rxf2# 0-1

[Event "Challenge"]
[Site "http://www.queenalice.com/game.php?id=412061"]
[Date "2008.6.2"]
[Round "-"]
[White "MartinLouisSelby"]
[Black "Mike36bh"]
[Result "0-1"]
[WhiteElo "1529"]
[BlackElo "1747"]

1. e4 e5 2. Bc4 d6 3. Qf3 Nf6 4. Nc3 c6 5. h3 h6 6. g4 a6 7. d3 Be6 8. Be3 Bxc4
9. dxc4 Be7 10. O-O-O b5 11. cxb5 axb5 12. Bd2 b4 13. Nce2 Rxa2 14. Kb1 Qa5 15.
c3 bxc3 16. Nxc3 Ra1+ 17. Kc2 Rxd1 18. Nxd1 d5 19. Bxa5 dxe4 20. Qb3 O-O 21. Bc7
Nbd7 22. Qb7 c5 23. Ba5 c4 24. Nc3 Rb8 25. Qc6 Bb4 26. Bc7 Rc8 27. Nb5 Nc5 0-1

[Event "AUTO-INT-935"]
[Site "http://www.queenalice.com/game.php?id=419844"]
[Date "2008.6.19"]
[Round "1"]
[White "bigbem"]
[Black "MartinLouisSelby"]
[Result "1-0"]
[WhiteElo "1482"]
[BlackElo "1506"]

1. e4 e5 2. Nf3 Nc6 3. Bb5 Qf6 4. Bxc6 Qxc6 5. Nxe5 Qe6 6. d4 d6 7. Nd3 Be7 8.
Qe2 d5 9. exd5 Qxd5 10. f3 Qxd4 11. c3 Qh4+ 12. g3 Qh3 13. Nf4 Qd7 14. Na3 Nf6
15. O-O O-O 16. Rd1 1-0

[Event "AUTO-INT-935"]
[Site "http://www.queenalice.com/game.php?id=419845"]
[Date "2008.6.19"]
[Round "1"]
[White "MartinLouisSelby"]
[Black "bigbem"]
[Result "0-1"]
[WhiteElo "1489"]
[BlackElo "1499"]

1. e4 e5 2. Bc4 Qf6 3. Nc3 Bc5 4. Nf3 c6 5. d3 Bb4 6. Bd2 Bxc3 7. Bxc3 d6 8. h3
a5 9. a4 Nh6 10. g4 g5 11. h4 Nxg4 12. Qd2 Qxf3 13. Qxg5 Nd7 14. Rf1 h6 15. Qh5
Rh7 16. Be6 Ndf6 0-1

[Event "AUTO-INT-935"]
[Site "http://www.queenalice.com/game.php?id=419860"]
[Date "2008.6.19"]
[Round "1"]
[White "MartinLouisSelby"]
[Black "erdnaxela"]
[Result "0-1"]
[WhiteElo "1473"]
[BlackElo "1567"]

1. e4 e5 2. Bc4 Qf6 3. Nf3 d6 4. Nc3 Nd7 5. Nd5 Qd8 6. d4 c6 7. Nc3 b5 8. Bb3 a5
9. a4 b4 10. Ne2 h6 11. d5 c5 12. c4 Be7 13. O-O Ngf6 0-1

[Event "AUTO-INT-935"]
[Site "http://www.queenalice.com/game.php?id=419861"]
[Date "2008.6.19"]
[Round "1"]
[White "erdnaxela"]
[Black "MartinLouisSelby"]
[Result "1-0"]
[WhiteElo "1579"]
[BlackElo "1461"]

1. e4 e5 2. Nf3 Nc6 3. Bb5 Qf6 4. Bxc6 Qxc6 5. Nxe5 Qe6 6. d4 d6 7. Nf3 Qg6 8.
Nh4 Qf6 9. Nf3 Bg4 10. h3 Bxf3 11. gxf3 O-O-O 12. h4 1-0

[Event "AUTO-INT-935"]
[Site "http://www.queenalice.com/game.php?id=419862"]
[Date "2008.6.19"]
[Round "1"]
[White "MartinLouisSelby"]
[Black "grazo"]
[Result "0-1"]
[WhiteElo "1593"]
[BlackElo "1632"]

1. e4 d6 2. d4 Nc6 3. d5 Ne5 4. Bf4 f6 5. Nf3 Bg4 6. Be2 Nxf3+ 7. Bxf3 Bxf3 8.
Qxf3 c6 9. Qh5+ g6 10. Qg4 cxd5 11. Qe6 Rc8 12. Nc3 g5 13. Bd2 d4 14. Nd5 Rxc2
0-1

[Event "AUTO-INT-935"]
[Site "http://www.queenalice.com/game.php?id=419863"]
[Date "2008.6.19"]
[Round "1"]
[White "grazo"]
[Black "MartinLouisSelby"]
[Result "1-0"]
[WhiteElo "1667"]
[BlackElo "1522"]

1. d4 d5 2. Nc3 Nf6 3. f3 Nc6 4. Be3 e5 5. dxe5 Nxe5 6. Bd4 Nc4 7. Nb1 Bf5 8. g4
Be6 9. e3 Bb4+ 10. c3 Nxb2 11. Qc2 1-0